000 00495nam a22001697a 4500
999 _c121788
_d121788
005 20190903094358.0
008 161115b1993 mx ||||| |||| 00| 0 spa d
020 _a9684526997
050 0 4 _aHV9111.A5
_bT63 1993
100 1 _aTocaven, Roberto,
_eautor
245 1 0 _aMenores infractores
_c/ Roberto Tocaven.
250 _a1a ed.
260 _aMéxico :
_bPorrúa,
_cc1993
300 _axv, 165 p. ;
_c22 cm.
650 7 _2lemb
_aDelicuencia juvenil
_zMéxico
942 _2lcc
_cLIB